| 000 | 00843cab a2200277 4500 | ||
|---|---|---|---|
| 001 | WB3034-32 | ||
| 008 | 090401t1994 xxu||||| |||| 00| 0 eng d | ||
| 035 | _a(Sirsi) u47061 | ||
| 041 | _aeng | ||
| 245 | _aControlling the housing market | ||
| 260 | _c1994 | ||
| 350 | _a0 | ||
| 490 |
_aIndependent _v15 September 1994, 18(1) |
||
| 520 | _aThe DoE chief economist maintains that good interest rate policies can be used to avoid a boom in house price inflation and that subsidies for private rented sector are not needed. | ||
| 650 | _aHOUSE PRICES | ||
| 650 | _aINFLATION | ||
| 650 | _aINTEREST RATES | ||
| 650 | _aMORTGAGE INTERST TAX RELIEF | ||
| 650 | _aMORTGAGES | ||
| 650 | _aNORMAN GLASS | ||
| 650 | _aPRIVATE RENTED ACCOMMODATION | ||
| 650 | _aSUBSIDIES | ||
| 690 | _aHOUSING | ||
| 942 | _n0 | ||
| 948 | _c04/03/1997 | ||
| 999 |
_c29680 _d29680 |
||